Paper Mario Sticker Star All Luigi Locations - Statistics

General Stats
  • This quiz has been taken 3 times
  • The average score is 1 of 5
Answer Stats
Hint Answer % Correct
Luigi Goomba Fortress
67%
Luigi 5 Rugged Road
33%
Luigi 2 Drybake Stadium
0%
Luigi 3 Whitecap Beach
0%
Luigi 4 Whiteout Valley
0%
No matching quizzes found
Score Distribution
Percent of People with Each Score
Percentile by Number Answered
Your Score History
You have not taken this quiz